Escritores representativos de América / (Record no. 5811)
[ view plain ]
| 000 -CABECERA | |
|---|---|
| campo de control de longitud fija | 01196cam a2200277 a 4500 |
| 001 - NÚMERO DE CONTROL | |
| campo de control | 000006015 |
| 005 - FECHA Y HORA DE LA ÚLTIMA TRANSACCIÓN | |
| campo de control | 20200929151903.0 |
| 008 - DATOS DE LONGITUD FIJA--INFORMACIÓN GENERAL | |
| campo de control de longitud fija | 731217s1917 sp b 001 0 spa |
| 040 ## - FUENTE DE LA CATALOGACIÓN | |
| Centro catalogador/agencia de origen | DO-SdBNP |
| Centro/agencia transcriptor | OKentU |
| Centro/agencia modificador | OCoLC |
| -- | DLC |
| -- | BNPHU |
| 082 ## - NÚMERO DE LA CLASIFICACIÓN DECIMAL DEWEY | |
| Número de clasificación | 928.61 |
| Número de documento/Ítem | G643e |
| 100 1# - ENTRADA PRINCIPAL--NOMBRE DE PERSONA | |
| Nombre de persona | González-Blanco, Andrés, |
| Fechas asociadas al nombre | 1886-1924. |
| 9 (RLIN) | 16944 |
| 245 10 - MENCIÓN DE TÍTULO | |
| Título | Escritores representativos de América / |
| Mención de responsabilidad, etc. | Andrés González-Blanco. |
| 260 ## - PUBLICACIÓN, DISTRIBUCIÓN, ETC. | |
| Lugar de publicación, distribución, etc. | Madrid : |
| Nombre del editor, distribuidor, etc. | América, |
| Fecha de publicación, distribución, etc. | 1917. |
| 300 ## - DESCRIPCIÓN FÍSICA | |
| Extensión | 351 p. ; |
| Dimensiones | 20 cm. |
| 490 1# - MENCIÓN DE SERIE | |
| Mención de serie | Biblioteca Andrés Bello |
| 505 0# - NOTA DE CONTENIDO CON FORMATO | |
| Nota de contenido con formato | El crítico: José Enrique Rodó .-- El Poligrafo: Rufino Blanco-Fombona .-- El ensayistas: Carlos Arturo Torres .-- El sociologo: Carlos Octavio Bunge .-- El poeta: José Santos Chocano. |
| 650 #4 - PUNTO DE ACCESO ADICIONAL DE MATERIA--TÉRMINO DE MATERIA | |
| Término de materia o nombre geográfico como elemento de entrada | Personajes literarios |
| 9 (RLIN) | 16945 |
| 650 #4 - PUNTO DE ACCESO ADICIONAL DE MATERIA--TÉRMINO DE MATERIA | |
| Término de materia o nombre geográfico como elemento de entrada | Literatura hispanoamericana |
| Subdivisión general | Historia y crítica |
| 9 (RLIN) | 6273 |
| 600 14 - PUNTO DE ACCESO ADICIONAL DE MATERIA--NOMBRE DE PERSONA | |
| Nombre de persona | RODO, JOSÉ ENRIQUE, |
| Fechas asociadas al nombre | 1871-1917. |
| 9 (RLIN) | 3052 |
| 600 14 - PUNTO DE ACCESO ADICIONAL DE MATERIA--NOMBRE DE PERSONA | |
| Nombre de persona | BLANCO-FOMBONA, RUFINO, |
| Fechas asociadas al nombre | 1874-1944. |
| 9 (RLIN) | 3877 |
| 600 14 - PUNTO DE ACCESO ADICIONAL DE MATERIA--NOMBRE DE PERSONA | |
| Nombre de persona | TORRES, CARLOS ARTURO, |
| Fechas asociadas al nombre | 1867-1911. |
| 9 (RLIN) | 16946 |
| 600 14 - PUNTO DE ACCESO ADICIONAL DE MATERIA--NOMBRE DE PERSONA | |
| Nombre de persona | BUNGE, CARLOS OCTAVIO, |
| Fechas asociadas al nombre | 1875-1918. |
| 9 (RLIN) | 16947 |
| 600 14 - PUNTO DE ACCESO ADICIONAL DE MATERIA--NOMBRE DE PERSONA | |
| Nombre de persona | CHOCANO, JOSÉ SANTOS, |
| Fechas asociadas al nombre | 1875-1934. |
| 9 (RLIN) | 16948 |
| 830 #0 - PUNTO DE ACCESO ADICIONAL DE SERIE-TÍTULO UNIFORME | |
| Título uniforme | Biblioteca Andrés Bello. |
| 9 (RLIN) | 3963 |
| 910 ## - DATOS DE OPCIÓN DEL USUARIO (OCLC) | |
| Datos de opción del usuario | Catalogación derivada |
| Estado de retiro | Estado de pérdida | Restricciones de uso | No para préstamo | Código de colección | Localización permanente | Ubicación/localización actual | Ubicación en estantería | Fecha de adquisición | Número de inventario | Total de préstamos | Signatura topográfica completa | Código de barras | Fecha visto por última vez | Precio válido a partir de | Tipo de ítem Koha |
|---|---|---|---|---|---|---|---|---|---|---|---|---|---|---|---|
| Préstamo interno | Monografías: Libros y Folletos | General | General | En catalogación | 25.08.2009 | LF1 | 928.61 G643e | 6015-10 | 25.06.2020 | 25.06.2020 | Préstamo interno |
